=LDR 00000nam 2200000 4500 =001 INLIS000000000051560 =005 20230607013325 =035 ##$$a 0010-0917000364 =007 ta =008 230607################g##########0#ind## =020 ##$$a 978-602-0808-1106 =082 ##$$a 297.015 =084 ##$$a 297.015 DIA m =100 #$$a Dian Nafi =245 1#$$a Muslimah Kudu Happy : $b Hope Pray and Move On /$c Dian Nafi =260 ##$$a Yogyakarta :$b Trans Idea Publishing,$c 2015 =300 ##$$a 286 hlm. ; $c 19 cm =650 #4$$a Islam -Motivasi =504 ##$$a Biografi: hlm. 285-286 =504 ##$$a Bibliografi: hlm. 283-284 =250 ##$$a Cet. 1 =990 ##$$a 21703615 =990 ##$$a 21703614 =990 ##$$a 21703613 =990 ##$$a 21703612 =990 ##$$a 21703611